| 000 | 00607nam a22002177a 4500 | ||
|---|---|---|---|
| 005 | 20170124110102.0 | ||
| 010 | _aA-435977 | ||
| 020 | _c00.00 | ||
| 035 | _aA-435977 | ||
| 037 | _bCen Lib/Ret | ||
| 040 |
_aDPL _bEN |
||
| 082 |
_a954.0845 _bGIL |
||
| 100 |
_aGilbert, Martin _927352 |
||
| 245 |
_aSecond world war / _cby Martin Gilbert |
||
| 260 |
_bFontana _c1990 _aLondon |
||
| 270 |
_a8 grafton street _bLondon |
||
| 300 |
_axvii, 846p. _c20cm(Hb) |
||
| 500 | _aIncludes index and maps | ||
| 650 |
_aHistory _zSecond world war _927353 |
||
| 942 |
_2ddc _cEN _h954.0845 _mGIL |
||
| 999 |
_c129774 _d129774 |
||